[Event "Hasselbacken Open 2018"]
[Site "Stockholm"]
[Date "2018.11.02"]
[Round "1"]
[White "Myrene, Jon Kare"]
[Black "Ingbrandt, Johan"]
[Result "0-1"]
[WhiteElo "1909"]
[BlackElo "2364"]
[Annotator "NA"]
[PlyCount "59"]
[EventDate "2018.11.02"]
[EventCountry "SWE"]
[SourceTitle "playchess.com"]
[Source "ChessBase"]
[SourceQuality "1"]
[TimeControl "900+5"]

1. e4 {[%emt 0:00:00]} c6 {[%emt 0:00:00]} 2. d4 {[%emt 0:00:14]} d5 {[%emt 0:00:00]} 3. exd5 {[%emt 0:00:04]} cxd5 {[%emt 0:00:02]} 4. c4 {[%emt 0:00:03]} Nf6 {[%emt 0:00:04]} 5. Nf3 {[%emt 0:00:08]} Be6 {[%emt 0:01:06]} 6. Nc3 {[%emt 0:01:37]} dxc4 {[%emt 0:00:19]} 7. Ng5 {[%emt 0:00:40]} Bd5 {[%emt 0:00:36]} 8. Qa4+ {[%emt 0:01:00]} Nc6 {[%emt 0:01:18]} 9. Bxc4 {[%emt 0:01:19]} e6 {[%emt 0:00:27]} 10. O-O {[%emt 0:01:16]} Be7 {[%emt 0:01:08]} 11. Nxd5 $15 {[%emt 0:01:19]} Nxd5 {[%emt 0:00:12]} 12. Nf3 {[%emt 0:00:34]} O-O {[%emt 0:00:38]} 13. a3 {[%emt 0:00:27]} Nb6 {[%emt 0:00:23]} 14. Qc2 {[%emt 0:01:12]} Nxd4 {[%emt 0:00:39]} 15. Nxd4 {[%emt 0:00:02]} Qxd4 {[%emt 0:00:03]} 16. Ba2 {[%emt 0:00:26]} Rac8 {[%emt 0:00:23]} 17. Qe2 {[%emt 0:00:02]} Rfd8 {[%emt 0:01:36]} 18. Be3 {[%emt 0:00:17]} Qe4 {[%emt 0:00:39]} 19. Qh5 {[%emt 0:00:58]} g6 {[%emt 0:01:21]} 20. Qa5 {[%emt 0:00:17]} Rc6 {[%emt 0:00:12]} 21. Qxa7 {[%emt 0:00:50]} Nc4 {[%emt 0:01:08]} 22. Qxb7 {[%emt 0:00:39]} Nxe3 {[%emt 0:00:37]} 23. fxe3 {[%emt 0:00:26]} Kf8 {[%emt 0:00:12]} 24. Rae1 {[%emt 0:00:31]} Rdc8 {[%emt 0:00:18]} 25. Bb1 {[%emt 0:00:21]} Qe5 {[%emt 0:00:08]} 26. b4 {[%emt 0:00:24]} R6c7 {[%emt 0:00:02]} 27. Qf3 {[%emt 0:00:06]} Bd6 {[%emt 0:00:02]} 28. g3 {[%emt 0:00:07]} Kg7 {[%emt 0:00:14]} 29. Rc1 {[%emt 0:00:12]} Rxc1 {[%emt 0:00:50]} 30. Qxf7+ {[%emt 0:00:02] R1c7 Qf3} 0-1

[Event "Hasselbacken Open 2018"]
[Site "Stockholm"]
[Date "2018.11.02"]
[Round "2"]
[White "Sjodahl, Pontus"]
[Black "Harren, Mats"]
[Result "1-0"]
[WhiteElo "2410"]
[BlackElo "2083"]
[Annotator "TA"]
[PlyCount "119"]
[EventDate "2018.11.02"]
[EventCountry "SWE"]
[SourceTitle "playchess.com"]
[Source "ChessBase"]
[SourceQuality "1"]

{[%evp 21,119,25,50,0,0,20,26,-2,16,14,30,37,25,-18,0,-16,-5,-12,18,0,16,14,8,15,8,0,27,0,24,25,34,28,16,20,28,37,22,18,31,25,36,43,134,166,168,167,253,243,239,233,233,197,404,45,444,434,722,208,194,195,793,247,354,362,466,451,451,444,435,434,394,52,74,67,80,68,802,589,1152,1064,1100,1092,29979,29980,29977,29978,29984,29980,29985,29986,29991,29988,29988,29989,29989,29990,29990,29991,29993,29993]} 1. d4 Nf6 2. c4 c5 3. d5 e6 4. Nc3 exd5 5. cxd5 d6 6. e4 g6 7. h3 {A65: Modern Benoni: 6 e4} Bg7 8. Nf3 a6 9. a4 Nbd7 10. Bd3 Nh5 11. O-O (11. Be2 Ne5 12. Nxe5 Bxe5 13. Bxh5 gxh5 14. Qxh5 Qf6 {1-0 (55) Jakovenko,D (2748)-Dubov,D (2691) Satka 2018}) 11... Ne5 {LiveBook: 46 Games} 12. Be2 Nxf3+ 13. Bxf3 Qh4 14. Bg4 (14. Bxh5 {with more complications.} gxh5 15. Qf3 Be5 16. Ne2 Bg4 17. Qe3) 14... Bxg4 15. Qxg4 (15. hxg4 Be5 $17) 15... Qxg4 16. hxg4 Nf6 $1 {[%cal Rf6g4]} 17. f3 h5 $146 ({Predecessor:} 17... Nd7 18. Bf4 Be5 19. Bxe5 Nxe5 20. a5 h6 {½-½ (20) Moreno Gracia,D (2283)-Ladron de Guevara Pinto,P (2232) Benidorm 2010}) 18. g5 Nd7 19. Kf2 f6 20. Nd1 Ke7 21. a5 b5 22. axb6 $1 Rhb8 23. Ra2 Rxb6 24. Ke2 fxg5 25. Bxg5+ Bf6 26. Bd2 Rab8 27. Ba5 Rb3 {[%cal Rf6b2]} 28. Bc3 R8b6 29. f4 Bxc3 30. bxc3 Nf6 31. Kd3 Rb1 (31... Ng4 $1 $14) 32. Ne3 $16 {aiming for Rxb1.} Rxf1 33. Nxf1 $18 {[%mdl 4096] Endgame KRN-KRN} Rb1 (33... h4 $142) 34. Ne3 h4 {intending ...Nh5.} 35. e5 Nh5 36. exd6+ (36. Rxa6 Nxf4+ 37. Ke4 dxe5 $16) 36... Kd7 $2 (36... Kxd6 37. f5 (37. Rxa6+ Kd7 $18) 37... gxf5) 37. Ke4 $2 (37. Rxa6 $18 {Hoping for Ng4.} Nxf4+ 38. Ke4) 37... Re1 $2 {[%mdl 8192]} ({Better is} 37... Ng3+ $14 38. Kd3 Nh5 39. Rxa6 Nxf4+ 40. Ke4 Ne2) 38. Rxa6 Ng3+ (38... Kc8 $142 39. Ra5 Nf6+ 40. Kf3 Kd7 41. Rxc5 Rc1) 39. Kf3 $2 (39. Kd3) 39... Rc1 40. Ra3 {[#] Strongly threatening Nc4.} Re1 $2 (40... Kxd6 41. Kg4 Nf5 42. Ra6+ (42. Nxf5+ gxf5+ 43. Kxh4 Kxd5 $16) 42... Kd7 43. Nxf5 gxf5+ 44. Kxh4 (44. Kxf5 Rxc3 45. Kg5 Rd3 $16) 44... Rxc3) 41. c4 $2 (41. Nc4) 41... Rc1 (41... Nf5 {was necessary.} 42. Kf2 Rc1) 42. Kg4 Ne2 43. Ra7+ Kxd6 44. Ra6+ Kd7 {and the idea ...Rc3 leaves Black hopeful.} 45. Rxg6 Rc3 {[#]} 46. Rg7+ $2 (46. Re6 $1 $18) 46... Kd8 $14 47. Rg8+ ({Much worse is} 47. Kxh4 Rxe3 48. f5 Rc3 $11) ({Worse is} 47. Kf3 Nd4+ 48. Kg4 Rxe3 $17) 47... Kd7 $1 48. Kf3 ({Of course not} 48. Kxh4 Rxe3 49. f5 Rc3 $11) 48... Ng1+ $2 {[%mdl 8192]} (48... Ng3 $14) 49. Ke4 h3 50. Rg7+ Kd8 51. f5 {[%cal Bf4f5,Bf5f6,Bf6f7][%mdl 32] Black must now prevent f6.} hxg2 52. Rxg2 {White mates.} Nh3 53. f6 Ra3 54. Nf5 Ra6 55. Ke5 Ke8 56. Nd6+ Kf8 57. f7 Rxd6 58. Kxd6 Nf4 59. Rf2 Nd3 60. Rf1 {Precision: White = 55%, Black = 29%.} 1-0

[Event "Hasselbacken Open 2018"]
[Site "Stockholm"]
[Date "2018.11.02"]
[Round "2"]
[White "Brynell, Stellan"]
[Black "Eriksson, Jon"]
[Result "1-0"]
[WhiteElo "2398"]
[BlackElo "2080"]
[Annotator "ChessBase"]
[PlyCount "111"]
[EventDate "2018.11.02"]
[EventCountry "SWE"]
[SourceTitle "playchess.com"]
[Source "ChessBase"]
[SourceQuality "1"]
[TimeControl "900+5"]

1. d4 {[%emt 0:00:00]} d5 {[%emt 0:00:00]} 2. c4 {[%emt 0:00:04]} e6 {[%emt 0:00:00]} 3. Nf3 {[%emt 0:00:04]} c6 {[%emt 0:00:07]} 4. g3 {[%emt 0:00:09]} Nf6 {[%emt 0:00:45]} 5. Bg2 {[%emt 0:00:03]} Bd6 {[%emt 0:00:33]} 6. O-O {[%emt 0:00:25]} O-O {[%emt 0:00:02]} 7. Nc3 {[%emt 0:00:06]} Nbd7 {[%emt 0:00:03]} 8. Bg5 {[%emt 0:00:59]} h6 {[%emt 0:00:14]} 9. Bxf6 {[%emt 0:00:02]} Nxf6 {[%emt 0:00:16]} 10. Qc2 {[%emt 0:00:07]} b6 {[%emt 0:00:44]} 11. e4 {[%emt 0:00:06]} dxe4 {[%emt 0:00:12]} 12. Nxe4 {[%emt 0:00:02]} Nxe4 {[%emt 0:00:04]} 13. Qxe4 {[%emt 0:00:02]} Bb7 {[%emt 0:00:02]} 14. Rfd1 {[%emt 0:02:13]} Qe7 {[%emt 0:01:52]} 15. Ne5 {[%emt 0:00:06]} Bxe5 {[%emt 0:00:17]} 16. dxe5 {[%emt 0:00:09]} Rfd8 {[%emt 0:00:22]} 17. h4 {[%emt 0:01:17]} Rxd1+ {[%emt 0:00:10]} 18. Rxd1 {[%emt 0:00:01]} Rd8 {[%emt 0:00:02]} 19. Rd4 {[%emt 0:01:18]} Rxd4 {[%emt 0:03:59]} 20. Qxd4 {[%emt 0:00:02]} Kf8 {[%emt 0:00:06]} 21. Qd3 {[%emt 0:01:04]} Ke8 {[%emt 0:00:11]} 22. Qh7 {[%emt 0:00:40]} Qf8 {[%emt 0:00:17]} 23. h5 {[%emt 0:00:01]} Kd8 {[%emt 0:00:07]} 24. a3 {[%emt 0:01:43]} Kc7 {[%emt 0:00:09]} 25. b4 {[%emt 0:00:07]} a6 {[%emt 0:02:36]} 26. Kh2 {[%emt 0:01:23]} c5 {[%emt 0:00:36]} 27. Bxb7 {[%emt 0:00:02]} Kxb7 {[%emt 0:00:02]} 28. Qe4+ {[%emt 0:00:01]} Kc7 {[%emt 0:01:28]} 29. b5 {[%emt 0:00:02]} axb5 {[%emt 0:00:21]} 30. cxb5 Qe8 {[%emt 0:00:10]} 31. a4 {[%emt 0:00:02]} Kb8 {[%emt 0:00:41]} 32. Qg4 {[%emt 0:01:09]} Qf8 {[%emt 0:00:04]} 33. Kg1 {[%emt 0:00:11]} Ka7 {[%emt 0:00:01]} 34. Qe4 {[%emt 0:00:44]} Qe8 {[%emt 0:00:06]} 35. Qd3 {[%emt 0:00:35]} Qe7 {[%emt 0:00:27]} 36. Kf1 {[%emt 0:01:19]} Kb8 {[%emt 0:00:01]} 37. Qh7 {[%emt 0:00:09]} Qf8 {[%emt 0:00:01]} 38. Ke2 {[%emt 0:00:10]} Kc7 {[%emt 0:00:04]} 39. Qe4 {[%emt 0:00:08]} Qe8 {[%emt 0:00:03]} 40. f4 {[%emt 0:00:36]} Kb8 {[%emt 0:00:08]} 41. Qh7 {[%emt 0:00:09]} Qf8 {[%emt 0:00:01]} 42. g4 {[%emt 0:00:10]} Kc7 {[%emt 0:00:01]} 43. g5 {[%emt 0:00:06]} Kb8 {[%emt 0:00:29]} 44. Qe4 {[%emt 0:00:09]} Qe8 {[%emt 0:00:03]} 45. g6 {[%emt 0:00:08]} fxg6 {[%emt 0:00:12]} 46. hxg6 {[%emt 0:00:01]} Kc7 {[%emt 0:00:07]} 47. f5 {[%emt 0:00:19]} exf5 {[%emt 0:00:04]} 48. Qxf5 {[%emt 0:00:01]} Kd8 {[%emt 0:00:26]} 49. e6 {[%emt 0:00:31]} Qe7 {[%emt 0:00:12]} 50. Qd5+ {[%emt 0:00:02]} Ke8 {[%emt 0:00:02]} 51. Qa8+ {[%emt 0:00:10]} Qd8 {[%emt 0:00:02]} 52. Qxd8+ {[%emt 0:00:02]} Kxd8 {[%emt 0:00:01]} 53. a5 {[%emt 0:00:00]} bxa5 54. b6 {[%emt 0:00:02]} a4 {[%emt 0:00:05]} 55. b7 {[%emt 0:00:01]} Kc7 {[%emt 0:00:01]} 56. e7 {[%emt 0:00:01]} 1-0

[Event "Hasselbacken Open 2018"]
[Site "Stockholm"]
[Date "2018.11.02"]
[Round "2"]
[White "Seo, Jung Min"]
[Black "Rasti, Arvin"]
[Result "1-0"]
[WhiteElo "2369"]
[BlackElo "2064"]
[Annotator "NA"]
[PlyCount "103"]
[EventDate "2018.11.02"]
[EventCountry "SWE"]
[SourceTitle "playchess.com"]
[Source "ChessBase"]
[SourceQuality "1"]
[TimeControl "900+5"]

1. e4 {[%emt 0:00:00]} c6 {[%emt 0:00:00]} 2. d4 {[%emt 0:00:00]} d5 {[%emt 0:00:00]} 3. e5 {[%emt 0:00:00]} c5 {[%emt 0:00:00]} 4. dxc5 {[%emt 0:00:00]} e6 {[%emt 0:00:00]} 5. a3 {[%emt 0:00:05] B12: Caro-Kann: Advance Variation} (5. Nf3 Bxc5 6. a3 Nd7 7. Bd3 f6 8. b4 Be7 9. Bb2 fxe5 10. Nxe5 Nxe5 11. Bxe5 Bf6 12. O-O Nh6 13. Bxf6 Qxf6 {1-0 (70) Jakovenko,D (2735)-Fedoseev,V (2706) Poikovsky 2018}) 5... Nc6 {[%emt 0:00:02]} 6. b4 {[%emt 0:00:16]} Nxe5 {[%emt 0:00:47]} 7. Bb2 {[%emt 0:00:02]} Qc7 {[%emt 0:00:07]} 8. Nd2 {[%emt 0:00:23]} Nf6 {[%emt 0:00:16]} 9. Ngf3 {[%emt 0:00:02]} Nxf3+ {[%emt 0:00:21]} 10. Nxf3 {[%emt 0:00:02]} Be7 {[%emt 0:00:09]} 11. c4 $146 {[%emt 0:00:51]} ({Predecessor:} 11. Be5 Qd8 12. Bd3 O-O {1-0 (37) Georgiou,I (2123)-Zabrakos,E Heraklio 2001}) 11... O-O {[%emt 0:00:40]} 12. Bd3 {[%emt 0:00:07]} dxc4 {[%emt 0:00:27]} 13. Bxc4 {[%emt 0:00:01]} b6 {[%emt 0:00:09]} 14. O-O {[%emt 0:00:52]} bxc5 {[%emt 0:00:31]} 15. Rc1 {[%emt 0:00:15]} Bb7 {[%emt 0:00:33]} 16. bxc5 {[%emt 0:00:08]} Rfd8 {[%emt 0:00:29]} 17. Qe2 {[%emt 0:00:10]} Qf4 {[%emt 0:00:24]} 18. Bb5 {[%emt 0:01:25]} Bd5 {[%emt 0:00:53]} 19. Be5 {[%emt 0:03:07]} Qg4 {[%emt 0:00:43]} 20. h3 {[%emt 0:00:52]} Qh5 {[%emt 0:00:16]} 21. Bxf6 {[%emt 0:02:03]} Bxf6 {[%emt 0:00:05]} 22. Bc4 {[%emt 0:00:07]} Rac8 {[%emt 0:00:25]} 23. Bxd5 {[%emt 0:00:04]} Rxd5 {[%emt 0:00:07]} 24. c6 {[%emt 0:00:07]} h6 {[%emt 0:00:34]} 25. Qa6 {[%emt 0:00:10]} Rc7 {[%emt 0:00:01]} 26. Qc4 {[%emt 0:01:25]} Qf5 {[%emt 0:00:37]} 27. Rc2 {[%emt 0:00:36]} Qd3 {[%emt 0:00:33]} 28. a4 {[%emt 0:00:37]} e5 {[%emt 0:01:29]} 29. Qxd3 Rxd3 {[%emt 0:00:01]} 30. Rb1 {[%emt 0:00:32]} Kh7 {[%emt 0:01:24]} 31. Nd2 {[%emt 0:01:41]} Rd6 {[%emt 0:00:07]} 32. Rb7 {[%emt 0:00:12]} Rcxc6 {[%emt 0:00:09]} 33. Rxc6 {[%emt 0:00:01]} Rxc6 {[%emt 0:00:01]} 34. Rxa7 {[%emt 0:00:03]} Rc2 {[%emt 0:01:00]} 35. Ne4 {[%emt 0:00:09]} Kg6 {[%emt 0:00:06]} 36. Ra6 {[%emt 0:00:28]} Rc1+ {[%emt 0:00:33]} 37. Kh2 {[%emt 0:00:01]} Kf5 {[%emt 0:00:02]} 38. Nd6+ {[%emt 0:00:23]} Kg6 {[%emt 0:00:17]} 39. Ne4 {[%emt 0:00:46]} Kf5 {[%emt 0:00:10]} 40. Nxf6 {[%emt 0:00:03]} gxf6 {[%emt 0:00:01]} 41. g3 {[%emt 0:00:02]} Rc2 {[%emt 0:00:12]} 42. Kg2 {[%emt 0:00:01]} e4 {[%emt 0:00:52]} 43. Kf1 {[%emt 0:00:06]} Ra2 {[%emt 0:00:27]} 44. Ra7 {[%emt 0:00:08]} Ke5 {[%emt 0:00:34]} 45. a5 f5 {[%emt 0:00:06]} 46. a6 {[%emt 0:00:16]} f6 {[%emt 0:00:39]} 47. Ra8 {[%emt 0:00:02]} f4 {[%emt 0:00:04]} 48. a7 {[%emt 0:00:01]} Kf5 {[%emt 0:00:07]} 49. g4+ {[%emt 0:00:00]} Kg5 {[%emt 0:00:15]} 50. Rg8+ {[%emt 0:00:02]} Kh4 {[%emt 0:00:04]} 51. a8=Q $18 {[%emt 0:00:02]} Rb2 {[%emt 0:00:04]} 52. Qxe4 {[%emt 0:00:06]} 1-0

[Event "Hasselbacken Open 2018"]
[Site "Stockholm"]
[Date "2018.11.02"]
[Round "2"]
[White "Ingbrandt, Johan"]
[Black "Jogstad, Daniel"]
[Result "1-0"]
[WhiteElo "2364"]
[BlackElo "2061"]
[Annotator "ChessBase"]
[PlyCount "73"]
[EventDate "2018.11.02"]
[EventCountry "SWE"]
[SourceTitle "playchess.com"]
[Source "ChessBase"]
[SourceQuality "1"]
[TimeControl "900+5"]

1. Nf3 {[%emt 0:00:00]} Nf6 {[%emt 0:00:00]} 2. g3 {[%emt 0:00:00]} g6 {[%emt 0:00:00]} 3. b3 {[%emt 0:00:03]} Bg7 {[%emt 0:00:00]} 4. Bb2 {[%emt 0:00:02]} d6 {[%emt 0:00:10]} 5. d4 {[%emt 0:00:02]} O-O {[%emt 0:00:10]} 6. Bg2 {[%emt 0:00:02]} c6 {[%emt 0:00:29]} 7. O-O {[%emt 0:00:09]} Qa5 {[%emt 0:00:30]} 8. Nbd2 {[%emt 0:01:05]} Qh5 {[%emt 0:01:15]} 9. e4 {[%emt 0:01:41]} Bh3 {[%emt 0:00:12]} 10. Bxh3 {[%emt 0:01:02]} Qxh3 {[%emt 0:00:10]} 11. Ng5 {[%emt 0:00:05]} Qh6 {[%emt 0:02:04]} 12. f4 {[%emt 0:00:25]} e5 {[%emt 0:01:59]} 13. dxe5 {[%emt 0:03:48]} dxe5 {[%emt 0:00:01]} 14. fxe5 {[%emt 0:01:16]} Nfd7 {[%emt 0:00:01]} 15. Ngf3 {[%emt 0:00:46]} Qe3+ {[%emt 0:00:22]} 16. Kg2 {[%emt 0:00:17]} b5 {[%emt 0:02:01]} 17. Bd4 {[%emt 0:00:31]} Qh6 {[%emt 0:00:09]} 18. a4 {[%emt 0:00:43]} c5 {[%emt 0:00:24]} 19. Bb2 Nc6 20. axb5 {[%emt 0:00:15]} Ncxe5 {[%emt 0:00:01]} 21. Bxe5 {[%emt 0:00:23]} Nxe5 {[%emt 0:00:02]} 22. Ra4 {[%emt 0:00:32]} Rfd8 {[%emt 0:00:26]} 23. Qe2 {[%emt 0:00:05]} Rd7 {[%emt 0:01:21]} 24. Nc4 {[%emt 0:00:13]} Rad8 {[%emt 0:00:13]} 25. h3 {[%emt 0:00:21]} Nxc4 {[%emt 0:01:41]} 26. Qxc4 {[%emt 0:00:48]} Qe3 {[%emt 0:00:01]} 27. Rf2 {[%emt 0:00:23]} h5 {[%emt 0:02:40]} 28. Re2 {[%emt 0:00:11]} Qc1 {[%emt 0:00:01]} 29. e5 {[%emt 0:00:36]} g5 {[%emt 0:00:51]} 30. e6 {[%emt 0:00:14]} fxe6 {[%emt 0:00:01]} 31. Qxe6+ {[%emt 0:00:05]} Kh8 {[%emt 0:00:01]} 32. Qg6 {[%emt 0:00:32]} Rd5 {[%emt 0:00:17]} 33. Qxh5+ Kg8 34. Re8+ {[%emt 0:00:36]} Rxe8 {[%emt 0:00:01]} 35. Qxe8+ {[%emt 0:00:02]} Kh7 {[%emt 0:00:02]} 36. Qe4+ {[%emt 0:00:02]} Kh8 {[%emt 0:00:03]} 37. Qxd5 {[%emt 0:00:04]} 1-0

[Event "Hasselbacken Open 2018"]
[Site "Stockholm"]
[Date "2018.11.02"]
[Round "2"]
[White "Sollerman, Mattias"]
[Black "Lyrberg, Patrik"]
[Result "0-1"]
[WhiteElo "2077"]
[BlackElo "2440"]
[Annotator "TA"]
[PlyCount "75"]
[EventDate "2018.11.02"]
[EventCountry "SWE"]
[SourceTitle "playchess.com"]
[Source "ChessBase"]
[SourceQuality "1"]

{[%evp 9,75,-35,-1,-18,5,4,10,7,21,12,17,17,19,26,28,4,5,-39,-42,-27,-31,-52,-54,-68,-52,-56,-53,-74,-70,-79,-56,-63,-42,-52,-35,-33,-28,-102,0,0,0,0,6,16,22,0,0,-88,-7,-20,-20,-35,0,-5,0,0,0,-26,-11,-193,-193,-257,-253,-247,-239,-624,-619,-29999]} 1. d4 Nf6 2. c4 e6 {[%cal Be7e6,Be6e5][%mdl 32]} 3. Nc3 Bb4 4. f3 d6 (4... d5 5. a3 Bxc3+ 6. bxc3 c5 7. cxd5 Nxd5 8. dxc5 Qa5 9. e4 Ne7 10. Be3 O-O 11. Qb3 Qc7 12. Bb5 Nec6 13. Ne2 Na5 14. Qb4 e5 15. Nd4 exd4 16. cxd4 b6 17. Rc1 Bd7 18. d5 Bxb5 19. cxb6 Qd7 20. Qxa5 axb6 21. Qxb6 Rxa3 {0-1 (53) Kravtsiv,M (2654)-Jakovenko,D (2749) Ankara 2018}) 5. Bg5 O-O 6. e4 {E20: Nimzo-Indian: 4 g3 and 4 f3} e5 7. d5 a5 8. Nge2 $146 {The position is equal.} ({Predecessor:} 8. Rc1 Nbd7 9. Bd3 Re8 10. Nge2 Bc5 11. Qd2 Nf8 12. Be3 Bxe3 13. Qxe3 Ng6 {½-½ (55) Kantorik,M (2290)-Strzemiecki,Z (1944) Ostrava 2003}) 8... c6 9. Ng3 h6 10. Be3 Na6 11. Be2 Bc5 12. Bxc5 Nxc5 13. O-O Qb6 $36 {[%mdl 2048] White must now prevent ...Ncxe4+. Black has good play.} 14. Kh1 Qxb2 15. Qc1 Qxc1 16. Rfxc1 Bd7 17. Rab1 Rfd8 18. Bd1 g6 19. Nf1 Rac8 20. Ne3 Rc7 21. Rc2 Rdc8 22. Rd2 Ne8 23. Na4 (23. dxc6 $11 bxc6 24. Na4) 23... Nxa4 (23... cxd5 $17 24. Nxc5 d4) 24. Bxa4 $11 Kf8 25. Kg1 cxd5 {[#] aiming for ...d4.} 26. Bxd7 Rxd7 27. cxd5 Rc3 28. Nd1 (28. Kf2 $11 {keeps the balance.}) 28... Rc4 ({Black should play} 28... Rc5 $17) 29. Rdb2 Rdc7 30. Ne3 Ra4 31. Rxb7 Rxb7 32. Rxb7 Rxa2 {[%mdl 4096] Endgame KRN-KRN} 33. Nc4 f5 34. Rd7 $2 (34. exf5 $11 gxf5 35. Ne3) 34... fxe4 $19 35. fxe4 (35. Ra7 $142) 35... Nf6 36. Ra7 Nxe4 {[%cal Ra2a1] [#]} 37. Rxa5 $2 (37. g3) 37... Rc2 {[%cal Rc2c1]} 38. Ra6 {Precision: White = 29%, Black = 40%.} 0-1

[Event "Hasselbacken Open 2018"]
[Site "Stockholm"]
[Date "2018.11.02"]
[Round "2"]
[White "Briem, Stephan"]
[Black "Lindberg, Bengt"]
[Result "0-1"]
[WhiteElo "2062"]
[BlackElo "2401"]
[Annotator "ChessBase"]
[PlyCount "90"]
[EventDate "2018.11.02"]
[EventCountry "SWE"]
[SourceTitle "playchess.com"]
[Source "ChessBase"]
[SourceQuality "1"]
[TimeControl "900+5"]

1. d4 {[%emt 0:00:00]} Nf6 {[%emt 0:00:00]} 2. c4 {[%emt 0:00:00]} e6 {[%emt 0:00:00]} 3. Nf3 {[%emt 0:00:12]} b6 {[%emt 0:00:00]} 4. g3 {[%emt 0:00:15]} Ba6 {[%emt 0:00:02]} 5. b3 {[%emt 0:00:10]} Bb4+ {[%emt 0:00:03]} 6. Bd2 {[%emt 0:00:10]} Be7 {[%emt 0:00:02]} 7. Bg2 {[%emt 0:00:09]} d5 {[%emt 0:00:06]} 8. Ne5 {[%emt 0:01:18]} Bb7 {[%emt 0:00:26]} 9. O-O {[%emt 0:00:14]} O-O {[%emt 0:00:05]} 10. Bf4 {[%emt 0:01:17]} Qc8 {[%emt 0:01:36]} 11. Nc3 {[%emt 0:01:21]} dxc4 {[%emt 0:00:10]} 12. Bxb7 {[%emt 0:00:50]} Qxb7 {[%emt 0:00:03]} 13. Nxc4 {[%emt 0:01:35]} Rd8 {[%emt 0:00:15]} 14. Be5 {[%emt 0:00:55]} c5 {[%emt 0:02:29]} 15. e3 {[%emt 0:00:56]} b5 {[%emt 0:00:26]} 16. Nd2 {[%emt 0:01:03]} cxd4 {[%emt 0:03:40]} 17. exd4 {[%emt 0:00:17]} Nc6 {[%emt 0:00:44]} 18. Qf3 {[%emt 0:00:52]} Qb6 {[%emt 0:00:44]} 19. Rfd1 {[%emt 0:01:32]} Rac8 {[%emt 0:00:44]} 20. Ne2 {[%emt 0:01:25]} Nd7 {[%emt 0:02:00]} 21. Qe4 {[%emt 0:01:15]} f5 {[%emt 0:01:04]} 22. Qe3 {[%emt 0:00:35]} Ndxe5 {[%emt 0:00:09]} 23. dxe5 {[%emt 0:00:05]} Qxe3 {[%emt 0:00:03]} 24. fxe3 {[%emt 0:00:01]} Bc5 {[%emt 0:00:10]} 25. Kf2 {[%emt 0:00:25]} Nxe5 {[%emt 0:00:03]} 26. Nf1 {[%emt 0:00:04]} Ng4+ {[%emt 0:00:34]} 27. Kf3 {[%emt 0:00:08]} e5 {[%emt 0:00:04]} 28. e4 {[%emt 0:00:03]} g6 {[%emt 0:00:02]} 29. h3 {[%emt 0:00:03]} Nf6 {[%emt 0:00:01]} 30. exf5 {[%emt 0:00:06]} gxf5 {[%emt 0:00:05]} 31. Rac1 {[%emt 0:00:08]} Rxd1 {[%emt 0:00:06]} 32. Rxd1 {[%emt 0:00:01]} Kf7 {[%emt 0:00:15]} 33. Nc3 {[%emt 0:00:08]} a6 {[%emt 0:00:09]} 34. Nd5 {[%emt 0:00:06]} Nxd5 {[%emt 0:00:07]} 35. Rxd5 {[%emt 0:00:01]} Ke6 {[%emt 0:00:01]} 36. Rd2 {[%emt 0:00:02]} Bd4 {[%emt 0:00:10]} 37. Ke2 {[%emt 0:00:14]} Rc3 {[%emt 0:00:04]} 38. Rd3 {[%emt 0:00:01]} Rxd3 {[%emt 0:00:11]} 39. Kxd3 {[%emt 0:00:02]} Kd5 {[%emt 0:00:01]} 40. Nd2 {[%emt 0:00:11]} h5 {[%emt 0:00:05]} 41. a4 {[%emt 0:00:06]} bxa4 {[%emt 0:00:04]} 42. bxa4 {[%emt 0:00:00]} Bf2 {[%emt 0:00:07]} 43. g4 {[%emt 0:00:08]} fxg4 {[%emt 0:00:18]} 44. hxg4 {[%emt 0:00:03]} hxg4 {[%emt 0:00:02]} 45. Ne4 {[%emt 0:00:00]} g3 {[%emt 0:00:06] Kd4+} 0-1

[Event "Hasselbacken Open 2018"]
[Site "Stockholm"]
[Date "2018.11.02"]
[Round "2"]
[White "Eriksson, Lennarth"]
[Black "Lindgren, Philip"]
[Result "0-1"]
[WhiteElo "2056"]
[BlackElo "2374"]
[Annotator "NA"]
[PlyCount "74"]
[EventDate "2018.11.02"]
[EventCountry "SWE"]
[SourceTitle "playchess.com"]
[Source "ChessBase"]
[SourceQuality "1"]
[TimeControl "900+5"]

1. Nf3 {[%emt 0:00:00]} d5 {[%emt 0:00:00]} 2. g3 {[%emt 0:00:10]} c6 {[%emt 0:00:06]} 3. Bg2 {[%emt 0:00:09]} Bg4 {[%emt 0:00:03]} 4. c4 {[%emt 0:00:07]} e6 {[%emt 0:00:16]} 5. b3 {[%emt 0:00:11]} Nf6 {[%emt 0:01:06]} 6. Bb2 {[%emt 0:00:23]} Nbd7 {[%emt 0:00:02]} 7. O-O {[%emt 0:01:14]} Bd6 {[%emt 0:00:25]} 8. d4 {[%emt 0:00:25]} O-O {[%emt 0:00:23]} 9. Nbd2 {[%emt 0:00:49]} Qe7 {[%emt 0:00:14]} 10. Ne5 {[%emt 0:00:47]} Bf5 {[%emt 0:00:20]} 11. f3 {[%emt 0:00:34] D11: Slav Defence: 3 Nf3 sidelines and 3...Nf6 4 e3 Bg4} (11. Nxd7 Nxd7 12. e4 dxe4 13. Nxe4 Ba3 14. Bc3 Bb4 15. Bb2 Ba3 16. Bc3 Bb4 17. Bb2 Ba3 18. Bc3 Bb4 {½-½ (18) Galliamova,A (2487)-Kosintseva,T (2581) Moscow 2010}) 11... Nxe5 {[%emt 0:02:44]} 12. dxe5 {[%emt 0:00:05]} Bc5+ {[%emt 0:00:02]} 13. Kh1 {[%emt 0:00:02]} Nd7 {[%emt 0:00:04]} 14. g4 {[%emt 0:02:20]} Bg6 {[%emt 0:00:06]} 15. f4 {[%emt 0:00:15]} f6 {[%emt 0:03:58]} 16. cxd5 {[%emt 0:00:58]} cxd5 {[%emt 0:00:24]} 17. f5 {[%emt 0:00:08]} Bf7 {[%emt 0:00:10]} 18. exf6 {[%emt 0:01:51]} Nxf6 {[%emt 0:00:07]} 19. g5 $146 {[%emt 0:02:37]} (19. e4 $11) 19... Ng4 {[%emt 0:00:03]} 20. e4 {[%emt 0:00:58]} Qxg5 {[%emt 0:02:13]} 21. Nf3 {[%emt 0:01:24]} Qh5 {[%emt 0:00:21]} 22. Qc2 {[%emt 0:00:50]} dxe4 {[%emt 0:01:14]} 23. Qc3 {[%emt 0:00:27]} (23. Qxe4 $142 exf5 24. Qe1) 23... e5 {[%emt 0:00:21]} 24. h3 {[%emt 0:00:10]} exf3 {[%emt 0:00:31]} 25. Qxf3 {[%emt 0:00:04]} Ne3 {[%emt 0:00:55]} 26. Rg1 {[%emt 0:00:06]} Qxf3 {[%emt 0:00:44]} 27. Bxf3 {[%emt 0:00:01]} Nc2 {[%emt 0:00:15]} 28. Rxg7+ {[%emt 0:00:04]} Kxg7 {[%emt 0:00:01]} 29. Bxe5+ {[%emt 0:00:01]} Kg8 $19 {[%emt 0:00:03]} 30. Rc1 {[%emt 0:00:00]} Bd4 {[%emt 0:00:03]} 31. Bf4 {[%emt 0:00:12]} Ne3 {[%emt 0:00:06]} 32. Rc7 {[%emt 0:00:04]} Nxf5 {[%emt 0:00:04]} 33. Be4 {[%emt 0:00:06]} Be6 {[%emt 0:00:11]} 34. Rc2 {[%emt 0:00:10]} Bg7 {[%emt 0:00:05]} 35. Rg2 {[%emt 0:00:04]} Kh8 {[%emt 0:00:02]} 36. Bxb7 {[%emt 0:00:04]} Rad8 {[%emt 0:00:03]} 37. Bf3 {[%emt 0:00:04]} Bd5 {[%emt 0:00:03]} 0-1